00783nam a22002297a 450000500170000001000130001702000220003003500130005203700160006504000120008108200150009310000260010824500660013426000420020027000450024230000250028765000380031265000380035094200240038899900190041295201220043120170124105947.0 aA-952502 c00.00a8172245904 aA-952502 bCen Lib/Ret aDPLbEN a270.3bLIT aLitvak, Stuart912627 aSufism :cby Stuart Litvakbthe sufi path to seeking wisdom / aMumbaibJaico Publishing House c1997 a121,Mahatma Gandhi Road bMumbaie400023 axvi,111p. c21cm(Hb) aSufism -- Human tradition 991153 aReligion -- Islam -- India991154 2ddccENh270.3mLIT c124994d124994 00104070aLbLd2015-06-19eCen Lib/Retg0.00l0o270.3 LITpA-952502r2015-06-19 00:00:00t1v0.00w2015-06-19yEN